| 000 | 00751nam a2200229 i 4500 | ||
|---|---|---|---|
| 001 | 188549 | ||
| 003 | ES-MaACL | ||
| 005 | 20231103211225.0 | ||
| 008 | 181219s1971 sp |||| | spa d | ||
| 100 | 1 |
_aBuñuel, Luis, _d1900-1983 _932559 _eaut |
|
| 245 | 1 | 0 |
_aTristana / _cLuis Buñuel ; con textos de Arnau Olivar y Enric Ripoll-Freixes. |
| 260 |
_aBarcelona : _bAymá, _c1971. |
||
| 300 |
_a169 p., 8 lám. ; _c19 cm. |
||
| 490 | 1 |
_aVoz imagen. _aCine ; _v24 |
|
| 655 | 4 |
_2tgfbne _9234355 _aGuiones cinematográficos |
|
| 700 | 1 |
_aRipoll-Freixes, Enric. _997434 |
|
| 700 | 1 |
_aOlivar, Arnau. _986754 |
|
| 830 | 1 |
_aVoz imagen. _aCine ; _v24 _9193071 |
|
| 852 |
_aES-MaACL _jP-155-bis-21 |
||
| 942 | _2udc | ||
| 999 |
_c188549 _d188549 |
||